5HLuxD.jpg

KING HENRY VIII SENIOR AND PRIMARY SCHOOL LIBRARY OPAC

Curious George discovers recycling / (Record no. 1562)

000 -LEADER
fixed length control field 02618cam a2200553 i 4500
001 - CONTROL NUMBER
control field 19694028
003 - CONTROL NUMBER IDENTIFIER
control field OSt
005 - DATE AND TIME OF LATEST TRANSACTION
control field 20230112111157.0
008 - FIXED-LENGTH DATA ELEMENTS--GENERAL INFORMATION
fixed length control field 170607s2017 nyua j 000 1 eng d
010 ## - LIBRARY OF CONGRESS CONTROL NUMBER
LC control number 2017288391
020 ## - INTERNATIONAL STANDARD BOOK NUMBER
International Standard Book Number 9780544880368
Qualifying information (paperback)
035 ## - SYSTEM CONTROL NUMBER
System control number (OCoLC)ocn973754486
037 ## - SOURCE OF ACQUISITION
Source of stock number/acquisition Houghton Mifflin Harcourt, 6277 Sea Harbor Dr 5th Fl, Orlando, FL, USA, 32887, (617)3515539
Note SAN 215-3793
040 ## - CATALOGING SOURCE
Original cataloging agency KYC
Language of cataloging eng
Transcribing agency KYC
Description conventions rda
Modifying agency BTCTA
-- YDXCP
-- TOH
-- VTL
-- OCLCO
-- OJ4
-- IZ2
-- NPC
-- TXLPL
-- OCLCF
-- BKL
-- OCL
-- DLC
-- DLC
-- KH8
042 ## - AUTHENTICATION CODE
Authentication code lccopycat
082 04 - DEWEY DECIMAL CLASSIFICATION NUMBER
Classification number 363.7282 ZAP
Edition number 23
100 1# - MAIN ENTRY--PERSONAL NAME
Personal name Zappy, Erica,
Relator term author.
245 10 - TITLE STATEMENT
Title Curious George discovers recycling /
Statement of responsibility, etc. adaptation by Erica Zappy ; based on the TV series teleplay written by Sandra Willard ; art adaptation by Artful Doodlers Ltd.
264 #1 - PRODUCTION, PUBLICATION, DISTRIBUTION, MANUFACTURE, AND COPYRIGHT NOTICE
Place of production, publication, distribution, manufacture New York, :
Name of producer, publisher, distributor, manufacturer Houghton Mifflin Harcourt,
Date of production, publication, distribution, manufacture, or copyright notice [2017]
300 ## - PHYSICAL DESCRIPTION
Extent 1 volume (unpaged) :
Other physical details color illustrations ;
Dimensions 21 x 26 cm
336 ## - CONTENT TYPE
Content type term text
Content type code txt
Source rdacontent
336 ## - CONTENT TYPE
Content type term still image
Content type code sti
Source rdacontent
337 ## - MEDIA TYPE
Media type term unmediated
Media type code n
Source rdamedia
338 ## - CARRIER TYPE
Carrier type term volume
Carrier type code nc
Source rdacarrier
520 ## - SUMMARY, ETC.
Summary, etc. Curious George learns how to identify recyclable materials and finds out what happens at a recycling facility when he participates in the doorman's recycling contest.
600 00 - SUBJECT ADDED ENTRY--PERSONAL NAME
Personal name Curious George
Titles and other words associated with a name (Fictitious character)
Form subdivision Juvenile fiction.
650 #0 - SUBJECT ADDED ENTRY--TOPICAL TERM
Topical term or geographic name entry element Recycling (Waste, etc.)
Form subdivision Juvenile fiction.
650 #0 - SUBJECT ADDED ENTRY--TOPICAL TERM
Topical term or geographic name entry element Recycling centers
Form subdivision Juvenile fiction.
650 #1 - SUBJECT ADDED ENTRY--TOPICAL TERM
Topical term or geographic name entry element Recycling (Waste)
Form subdivision Fiction.
650 #1 - SUBJECT ADDED ENTRY--TOPICAL TERM
Topical term or geographic name entry element Recycling centers
Form subdivision Fiction.
650 #4 - SUBJECT ADDED ENTRY--TOPICAL TERM
Topical term or geographic name entry element Recycling (Waste, etc)
Form subdivision Fiction.
650 #4 - SUBJECT ADDED ENTRY--TOPICAL TERM
Topical term or geographic name entry element Curious George (Fictitious character)
Form subdivision Fiction.
650 #4 - SUBJECT ADDED ENTRY--TOPICAL TERM
Topical term or geographic name entry element Picture books for children.
650 #7 - SUBJECT ADDED ENTRY--TOPICAL TERM
Topical term or geographic name entry element Curious George (Fictitious character)
Source of heading or term fast
Authority record control number or standard number (OCoLC)fst00885296
650 #7 - SUBJECT ADDED ENTRY--TOPICAL TERM
Topical term or geographic name entry element Recycling centers.
Source of heading or term fast
Authority record control number or standard number (OCoLC)fst01092048
650 #7 - SUBJECT ADDED ENTRY--TOPICAL TERM
Topical term or geographic name entry element Recycling (Waste, etc.)
Source of heading or term fast
Authority record control number or standard number (OCoLC)fst01092000
655 #7 - INDEX TERM--GENRE/FORM
Genre/form data or focus term Picture books.
Source of term fast
Authority record control number or standard number (OCoLC)fst01726789
655 #7 - INDEX TERM--GENRE/FORM
Genre/form data or focus term Fiction.
Source of term fast
Authority record control number or standard number (OCoLC)fst01423787
655 #7 - INDEX TERM--GENRE/FORM
Genre/form data or focus term Juvenile works.
Source of term fast
Authority record control number or standard number (OCoLC)fst01411637
655 #7 - INDEX TERM--GENRE/FORM
Genre/form data or focus term Picture books for children.
Source of term lcgft
700 1# - ADDED ENTRY--PERSONAL NAME
Personal name Rey, Margret,
Relator term creator.
700 1# - ADDED ENTRY--PERSONAL NAME
Personal name Rey, H. A.
Fuller form of name (Hans Augusto),
Dates associated with a name 1898-1977,
Relator term creator.
700 1# - ADDED ENTRY--PERSONAL NAME
Personal name Willard, Sandra,
Relator term illustrator.
710 2# - ADDED ENTRY--CORPORATE NAME
Corporate name or jurisdiction name as entry element Artful Doodlers Ltd.,
Relator term illustrator.
730 0# - ADDED ENTRY--UNIFORM TITLE
Uniform title Curious George (Television program)
Relationship information Adaptation of (expression):
906 ## - LOCAL DATA ELEMENT F, LDF (RLIN)
a 7
b cbc
c copycat
d 2
e ncip
f 20
g y-gencatlg
942 ## - ADDED ENTRY ELEMENTS (KOHA)
Source of classification or shelving scheme
Koha item type Books - Non Ficton
Holdings
Withdrawn status Lost status Source of classification or shelving scheme Damaged status Not for loan Collection code Permanent Location Current Location Shelving location Date acquired Total Checkouts Full call number Barcode Date last seen Date last checked out Price effective from Koha item type
          Non-Fiction KH8 Primary School Library KH8 Primary School Library Non Fiction 2023-01-12 1 363.7282 ZAP KHPL000003323 2025-12-05 2023-01-13 2023-01-12 Books - Non Ficton

Powered By KH8 IT Dept